[Event "25. Open Cappelle la Grande 2009"]
[Site "Cappelle la Grande FRA"]
[Date "2009.03.01"]
[Round "3.6"]
[White "Zinchenko, Yaroslav"]
[Black "Salgado Lopez, Ivan"]
[Result "1-0"]
[WhiteElo "2527"]
[BlackElo "2554"]
[PlyCount "205"]
[EventDate "2009.02.28"]
[EventType "swiss"]
[EventRounds "9"]
[EventCountry "FRA"]
[Source "lmi"]
[SourceDate "2009.02.28"]

1. e4 c5 2. Nf3 e6 3. d4 cxd4 4. Nxd4 Nc6 5. Nc3 d6 6. Be2 Nf6 7. O-O Be7 8.
Be3 O-O 9. f4 Bd7 10. Nb3 a5 11. a4 Nb4 12. Bf3 e5 13. Kh1 Qc8 14. Qd2 Be6 15.
Rac1 Qc6 16. Rfd1 Rfd8 17. Nd5 Bxd5 18. exd5 Qxa4 19. Bb6 e4 20. Bxd8 Bxd8 21.
Be2 Nbxd5 22. Ra1 Qe8 23. Nxa5 e3 24. Qe1 Nxf4 25. Nxb7 Rxa1 26. Rxa1 Bc7 27.
Bf3 g5 28. Qc3 Qe7 29. Re1 g4 30. Rxe3 Ne6 31. Bc6 Bb6 32. Re1 d5 33. Qa3 Qxa3
34. bxa3 Nd4 35. Ba4 Ne4 36. g3 Nf5 37. Bb3 Ne3 38. Rxe3 Bxe3 39. Bxd5 Nc3 40.
Bb3 Kg7 41. a4 f5 42. Nd6 Kf6 43. a5 Bc5 44. a6 Ke5 45. Nf7+ Kf6 46. Nd8 Nb5
47. Bc4 Na7 48. Ne6 Bd6 49. Kg2 Bb4 50. Nf4 Bc5 51. Be6 Nb5 52. Bd7 Nc7 53. Bc8
Bb6 54. Nd3 Nd5 55. Kh1 Ba7 56. Bb7 Nc3 57. Bc6 Ke6 58. Bb7 Kf6 59. Nb4 Bc5 60.
Bc8 Nb5 61. Nd3 Ba7 62. Kg2 Nd4 63. c4 Nb3 64. Nb4 Na5 65. Nd5+ Ke5 66. Nc3 Bb6
67. Nb5 Nc6 68. Bd7 Na7 69. Nc3 h5 70. Nd5 Bd8 71. Nf4 h4 72. Ng6+ Kd6 73. Bxf5
hxg3 74. hxg3 Kc5 75. Bxg4 Kxc4 76. Be2+ Kc5 77. Nf4 Kb6 78. Ne6 Bf6 79. Nf8
Be7 80. Nd7+ Kc7 81. Ne5 Bf6 82. Nc4 Nc8 83. Kf3 Kb8 84. Ke4 Ka7 85. Ne3 Bd8
86. Kd5 Bg5 87. Nf5 Nb6+ 88. Kc6 Na4 89. Nd6 Be3 90. Ne4 Nb6 91. g4 Nc8 92. Kd7
Nb6+ 93. Ke6 Na8 94. Kd6 Bf4+ 95. Kc6 Nc7 96. Nd6 Ne6 97. Nb5+ Kb8 98. Kd5 Nd8
99. a7+ Ka8 100. Bf3 Be3 101. Kd6+ Nb7+ 102. Kc7 Bb6+ 103. Kc8 1-0

[Event "25. Open Cappelle la Grande 2009"]
[Site "Cappelle la Grande FRA"]
[Date "2009.03.06"]
[Round "8.1"]
[White "Vovk, Yuri"]
[Black "Dzhumaev, Marat"]
[Result "1/2-1/2"]
[WhiteElo "2546"]
[BlackElo "2529"]
[PlyCount "107"]
[EventDate "2009.02.28"]
[EventType "swiss"]
[EventRounds "9"]
[EventCountry "FRA"]
[Source "lmi"]
[SourceDate "2009.02.28"]

1. e4 e5 2. Nf3 Nc6 3. d4 exd4 4. Nxd4 Bb4+ 5. c3 Bc5 6. Be3 Bb6 7. Nxc6 bxc6
8. Bd4 Nf6 9. Bd3 O-O 10. O-O d6 11. Nd2 Re8 12. Qf3 Ng4 13. Nc4 f6 14. a4 Rb8
15. h3 Nh6 16. a5 Bxd4 17. cxd4 Nf7 18. Rfe1 c5 19. dxc5 dxc5 20. Rad1 Qe7 21.
Bb1 Be6 22. Qc3 Red8 23. Ne3 Rxd1 24. Rxd1 c4 25. Nxc4 Qb4 26. Ne3 Qxc3 27.
bxc3 Nd6 28. Bd3 Rb3 29. c4 Nb7 30. Nd5 Nc5 31. Nxc7 Kf7 32. Be2 Ra3 33. Nxe6
Kxe6 34. Bg4+ Ke7 35. Rd5 Rxa5 36. Kh2 g6 37. h4 h5 38. Bc8 Kf8 39. f4 Nb3 40.
Rd3 Nc5 41. Rd5 Nb3 42. e5 Rxd5 43. cxd5 Nc5 44. f5 gxf5 45. exf6 Kf7 46. Bxf5
Kxf6 47. Bc2 a5 48. g4 hxg4 49. Kg3 a4 50. Kxg4 a3 51. Bb1 Ne4 52. Ba2 Nc3 53.
Bb3 Nxd5 54. Bxd5 1/2-1/2

[Event "25. Open Cappelle la Grande 2009"]
[Site "Cappelle la Grande FRA"]
[Date "2009.03.06"]
[Round "8.2"]
[White "Gordon, Stephen J"]
[Black "Gelashvili, Tamaz"]
[Result "1/2-1/2"]
[WhiteElo "2524"]
[BlackElo "2622"]
[PlyCount "52"]
[EventDate "2009.02.28"]
[EventType "swiss"]
[EventRounds "9"]
[EventCountry "FRA"]
[Source "lmi"]
[SourceDate "2009.02.28"]

1. d4 d5 2. c4 e6 3. Nf3 Nf6 4. g3 Bb4+ 5. Bd2 Be7 6. Qc2 O-O 7. Bg2 c6 8. O-O
b6 9. Rd1 Bb7 10. Bf4 Na6 11. a3 c5 12. dxc5 Nxc5 13. Nc3 Qc8 14. cxd5 Nxd5 15.
Nxd5 Bxd5 16. Ng5 Bxg5 17. Bxd5 exd5 18. Bxg5 Qe6 19. Be3 Rac8 20. Bxc5 Rxc5
21. Qd2 d4 22. Qxd4 Qxe2 23. Rd2 Qf3 24. Re1 h5 25. Qe4 Qxe4 26. Rxe4 Rc7
1/2-1/2

[Event "25. Open Cappelle la Grande 2009"]
[Site "Cappelle la Grande FRA"]
[Date "2009.03.06"]
[Round "8.4"]
[White "Sveshnikov, Evgeny"]
[Black "Degraeve, Jean-Marc"]
[Result "1/2-1/2"]
[WhiteElo "2535"]
[BlackElo "2553"]
[PlyCount "25"]
[EventDate "2009.02.28"]
[EventType "swiss"]
[EventRounds "9"]
[EventCountry "FRA"]
[Source "lmi"]
[SourceDate "2009.02.28"]

1. e4 c5 2. f4 e6 3. Nf3 d5 4. Bb5+ Bd7 5. Bxd7+ Qxd7 6. Nc3 dxe4 7. Nxe4 Nc6
8. d3 Be7 9. Be3 b6 10. Ne5 Qc7 11. Qf3 Rc8 12. O-O Nf6 13. Nxc6 1/2-1/2

[Event "25. Open Cappelle la Grande 2009"]
[Site "Cappelle la Grande FRA"]
[Date "2009.03.06"]
[Round "8.6"]
[White "Zakhartsov, Viacheslav V"]
[Black "Graf, Alexander"]
[Result "1-0"]
[WhiteElo "2529"]
[BlackElo "2643"]
[PlyCount "89"]
[EventDate "2009.02.28"]
[EventType "swiss"]
[EventRounds "9"]
[EventCountry "FRA"]
[Source "lmi"]
[SourceDate "2009.02.28"]

1. d4 d5 2. Nf3 c5 3. c4 e6 4. cxd5 exd5 5. g3 Nf6 6. Bg2 Be7 7. O-O O-O 8. Nc3
Nc6 9. Bg5 cxd4 10. Nxd4 h6 11. Be3 Re8 12. Qb3 Na5 13. Qc2 Bb4 14. Rfd1 Bg4
15. h3 Bh5 16. Ndb5 Rxe3 17. fxe3 Qb6 18. Kh2 a6 19. Nxd5 Qxb5 20. Nc7 Rc8 21.
Rd8+ Rxd8 22. Nxb5 axb5 23. Rd1 Re8 24. Qc7 Nc6 25. Qxb7 Nd8 26. Qxb5 Be7 27.
a4 Ne6 28. a5 Bc5 29. b4 Bxe3 30. Qd3 Nd4 31. g4 Bg6 32. Qc4 Bf4+ 33. Kh1 Nxe2
34. Bf3 Ne4 35. Kg2 N2c3 36. Rd4 Bb8 37. Qc6 Kf8 38. b5 Bf4 39. b6 Re6 40. Rd8+
Ke7 41. Re8+ Kf6 42. Rxe6+ fxe6 43. a6 Nd5 44. Qxd5 exd5 45. a7 1-0

[Event "25. Open Cappelle la Grande 2009"]
[Site "Cappelle la Grande FRA"]
[Date "2009.03.06"]
[Round "8.18"]
[White "Sokolov, Andrei"]
[Black "Babaev, Rashad"]
[Result "1/2-1/2"]
[WhiteElo "2552"]
[BlackElo "2491"]
[PlyCount "116"]
[EventDate "2009.02.28"]
[EventType "swiss"]
[EventRounds "9"]
[EventCountry "FRA"]
[Source "lmi"]
[SourceDate "2009.02.28"]

1. e4 c5 2. Nf3 d6 3. d4 Nf6 4. Nc3 cxd4 5. Nxd4 Nc6 6. Bc4 Bd7 7. Be3 g6 8. h3
Bg7 9. Bb3 O-O 10. O-O Na5 11. Qd3 a6 12. Rfe1 Rc8 13. Rad1 b5 14. Nd5 Nc4 15.
Bc1 Rc5 16. c3 Re8 17. Nc2 Bc6 18. Ncb4 Bb7 19. a4 Nd7 20. axb5 axb5 21. Qg3 e6
22. Bxc4 bxc4 23. Ne3 Ne5 24. Ng4 Qe7 25. f3 Rd8 26. Be3 Rcc8 27. Rd2 f6 28.
Red1 Nf7 29. Bd4 g5 30. h4 h6 31. hxg5 hxg5 32. Qh3 Ne5 33. Bb6 Rd7 34. Nxe5
fxe5 35. Qh5 d5 36. Be3 d4 37. Bxg5 Qf7 38. Qg4 Qg6 39. Nc2 d3 40. Ne3 Bf8 41.
Bh4 Rg7 42. Qxg6 Rxg6 43. Bf2 Rc7 44. Ra1 Rh7 45. Ra5 Rgh6 46. Bg3 Bxe4 47.
Nxc4 Rh1+ 48. Kf2 Bh6 49. Bxe5 Bxd2 50. Nxd2 Bb7 51. Bd4 Rd7 52. f4 Kf8 53. Ke3
Bxg2 54. Kxd3 Rh3+ 55. Kc2 Rh2 56. Kd3 Rh3+ 57. Kc2 Rh2 58. Kd3 Ke7 1/2-1/2

[Event "25. Open Cappelle la Grande 2009"]
[Site "Cappelle la Grande FRA"]
[Date "2009.03.07"]
[Round "9.1"]
[White "Gelashvili, Tamaz"]
[Black "Vovk, Yuri"]
[Result "1/2-1/2"]
[WhiteElo "2622"]
[BlackElo "2546"]
[PlyCount "99"]
[EventDate "2009.02.28"]
[EventType "swiss"]
[EventRounds "9"]
[EventCountry "FRA"]
[Source "lmi"]
[SourceDate "2009.02.28"]

1. Nf3 Nf6 2. e3 g6 3. b4 Bg7 4. Bb2 O-O 5. Be2 d6 6. c4 e5 7. d3 a5 8. b5 Nbd7
9. O-O e4 10. Nd4 exd3 11. Bxd3 Nc5 12. Nc3 Re8 13. Be2 h5 14. h3 Nfe4 15. Nxe4
Nxe4 16. Bf3 Qh4 17. Bxe4 Qxe4 18. Rc1 b6 19. Qc2 Bb7 20. Qxe4 Rxe4 21. Rfd1
Rae8 22. Rd2 f5 23. Ne2 Bh6 24. Rdc2 h4 25. Bd4 Kf7 26. Nc3 Rxd4 27. exd4 Bxc1
28. Rxc1 Re7 29. f3 g5 30. c5 dxc5 31. dxc5 bxc5 32. Na4 g4 33. Rxc5 g3 34. Kf1
Kf6 35. Nc3 Rd7 36. Ke2 Re7+ 37. Kf1 Rd7 38. a4 Re7 39. Rc4 Kg5 40. Ne2 Bd5 41.
Rc3 Kf6 42. Nd4 Rd7 43. Ke2 Ke5 44. Nc2 f4 45. Ne1 Kd4 46. Kd2 Bc4 47. Nd3 Rd8
48. Nxf4 Kc5+ 49. Nd3+ Kd4 50. Nf4 1/2-1/2

[Event "25. Open Cappelle la Grande 2009"]
[Site "Cappelle la Grande FRA"]
[Date "2009.03.07"]
[Round "9.2"]
[White "Dzhumaev, Marat"]
[Black "Balogh, Csaba"]
[Result "1/2-1/2"]
[WhiteElo "2529"]
[BlackElo "2605"]
[PlyCount "73"]
[EventDate "2009.02.28"]
[EventType "swiss"]
[EventRounds "9"]
[EventCountry "FRA"]
[Source "lmi"]
[SourceDate "2009.02.28"]

1. e4 e5 2. Nf3 Nc6 3. Nc3 Nf6 4. Bb5 Bb4 5. O-O O-O 6. d3 d6 7. Bg5 Bxc3 8.
bxc3 h6 9. Bh4 Bd7 10. d4 Re8 11. Re1 a6 12. dxe5 dxe5 13. Bxf6 Qxf6 14. Qxd7
axb5 15. Qxc7 Qe6 16. a3 Re7 17. Qb6 Nd4 18. Qxe6 Nxf3+ 19. gxf3 Rxe6 20. Re3
Rc6 21. Kf1 Rac8 22. Rb1 Rxc3 23. Rxc3 Rxc3 24. Rxb5 Rxa3 25. Rxe5 Rxf3 26.
Re8+ Kh7 27. Re7 f5 28. exf5 b5 29. Re5 Rc3 30. Rxb5 Rxc2 31. Kg2 Kg8 32. Kg3
Kf7 33. h4 Kf6 34. f3 Rc4 35. Rb7 h5 36. Rb5 Rd4 37. Ra5 1/2-1/2

[Event "25. Open Cappelle la Grande 2009"]
[Site "Cappelle la Grande FRA"]
[Date "2009.03.07"]
[Round "9.17"]
[White "Kravtsiv, Martyn"]
[Black "Arutinian, David"]
[Result "1/2-1/2"]
[WhiteElo "2510"]
[BlackElo "2586"]
[PlyCount "55"]
[EventDate "2009.02.28"]
[EventType "swiss"]
[EventRounds "9"]
[EventCountry "FRA"]
[Source "lmi"]
[SourceDate "2009.02.28"]

1. e4 c6 2. d4 d5 3. Nc3 dxe4 4. Nxe4 Bf5 5. Ng3 Bg6 6. h4 h6 7. Nf3 e6 8. h5
Bh7 9. Bd3 Bxd3 10. Qxd3 Nf6 11. Bf4 Bd6 12. Be5 Bxe5 13. Nxe5 Qa5+ 14. c3 Qd5
15. O-O O-O 16. c4 Qd6 17. Ne4 Nxe4 18. Qxe4 Nd7 19. Nxd7 Qxd7 20. Rad1 Rad8
21. Rd3 Qe7 22. Rfd1 Rd6 23. d5 cxd5 24. Rxd5 Rxd5 25. cxd5 Rd8 26. Re1 Rd6 27.
Qc4 Qd7 28. dxe6 1/2-1/2

[Event "25. Open Cappelle la Grande 2009"]
[Site "Cappelle la Grande FRA"]
[Date "2009.03.07"]
[Round "9.19"]
[White "Hasangatin, Ramil"]
[Black "Radulski, Julian"]
[Result "1/2-1/2"]
[WhiteElo "2505"]
[BlackElo "2580"]
[PlyCount "65"]
[EventDate "2009.02.28"]
[EventType "swiss"]
[EventRounds "9"]
[EventCountry "FRA"]
[Source "lmi"]
[SourceDate "2009.02.28"]

1. e4 e5 2. Nf3 Nc6 3. Bb5 a6 4. Ba4 Nf6 5. Bxc6 dxc6 6. d3 Bd6 7. Nbd2 Qe7 8.
Nc4 Bg4 9. h3 Bh5 10. g4 Bg6 11. Nh4 O-O-O 12. Qf3 Qe6 13. Nxd6+ cxd6 14. Bg5
d5 15. Bxf6 dxe4 16. dxe4 gxf6 17. Qe2 h5 18. f3 Qe7 19. Kf2 hxg4 20. hxg4 Rxh4
21. Rxh4 f5 22. Rah1 fxe4 23. Rh8 Rxh8 24. Rxh8+ Kc7 25. Qe3 exf3 26. Qa7 e4
27. Qb8+ Kb6 28. Qd8+ Qxd8 29. Rxd8 Kc7 30. Rd1 c5 31. Ke3 Kc6 32. Rd2 Kc7 33.
Rd1 1/2-1/2

[Event "25. Open Cappelle la Grande 2009"]
[Site "Cappelle la Grande FRA"]
[Date "2009.02.28"]
[Round "1.64"]
[White "Apicella, Manuel"]
[Black "Debray, Christopher"]
[Result "1-0"]
[WhiteElo "2517"]
[BlackElo "2349"]
[PlyCount "101"]
[EventDate "2009.02.28"]
[EventType "swiss"]
[EventRounds "9"]
[EventCountry "FRA"]
[Source "lmi"]
[SourceDate "2009.02.28"]

1. e4 c6 2. d4 d5 3. Nc3 dxe4 4. Nxe4 Bf5 5. Ng3 Bg6 6. h4 h6 7. Nf3 Nd7 8. h5
Bh7 9. Bd3 Bxd3 10. Qxd3 e6 11. Bf4 Qa5+ 12. Bd2 Bb4 13. c3 Be7 14. c4 Qc7 15.
O-O-O Ngf6 16. Kb1 O-O 17. Ne4 b5 18. Nxf6+ Nxf6 19. c5 Rfd8 20. Qe2 Ng4 21.
Rh3 Kf8 22. Rg3 Nf6 23. Rh1 Rd5 24. Qe3 Rad8 25. Bc1 Rf5 26. Rgh3 Ng4 27. Qe2
Rdd5 28. Qc2 Qc8 29. Nh4 Bxh4 30. Rxh4 Rxd4 31. f4 Rc4 32. Qe2 Nf6 33. g4 Rfxc5
34. Be3 Rd5 35. g5 Ne4 36. gxh6 gxh6 37. Rg1 Qd8 38. Rhg4 Qf6 39. Rg8+ Ke7 40.
Ra8 Ra4 41. Qc2 Qf5 42. Ka1 Nc5 43. Qc3 b4 44. Qc4 Ra5 45. Qxb4 Qc2 46. Bxc5+
Raxc5 47. Rxa7+ Kf6 48. Rxf7+ Kxf7 49. Qb7+ Kf8 50. Qg7+ Ke8 51. Qg6+ 1-0

[Event "25. Open Cappelle la Grande 2009"]
[Site "Cappelle la Grande FRA"]
[Date "2009.02.28"]
[Round "1.32"]
[White "Degraeve, Jean-Marc"]
[Black "Chernikov, Oleg L"]
[Result "1-0"]
[WhiteElo "2553"]
[BlackElo "2406"]
[PlyCount "69"]
[EventDate "2009.02.28"]
[EventType "swiss"]
[EventRounds "9"]
[EventCountry "FRA"]
[Source "lmi"]
[SourceDate "2009.02.28"]

1. e4 c5 2. Nf3 g6 3. d4 cxd4 4. Qxd4 Nf6 5. e5 Nc6 6. Qa4 Nd5 7. Qe4 Ndb4 8.
Bb5 Qa5 9. Nc3 d5 10. exd6 Bf5 11. Qe5 Nxc2+ 12. Ke2 O-O-O 13. Qxh8 Nxa1 14.
Rd1 Nc2 15. Qxh7 Be6 16. Kf1 Rxd6 17. Rxd6 exd6 18. Ng5 N2d4 19. Nxe6 fxe6 20.
Bxc6 bxc6 21. Qh8 Qa6+ 22. Kg1 Ne2+ 23. Nxe2 Qxe2 24. Qxf8+ Kd7 25. Qf7+ Kc8
26. Qe8+ Kc7 27. Qe7+ Kc8 28. h4 Qe1+ 29. Kh2 Qxc1 30. Qxe6+ Kb7 31. Qe7+ Kb6
32. Qe3+ Qc5 33. g4 d5 34. b4 Qxe3 35. fxe3 1-0

[Event "25. Open Cappelle la Grande 2009"]
[Site "Cappelle la Grande FRA"]
[Date "2009.02.28"]
[Round "1.53"]
[White "Payen, Arnaud"]
[Black "Macak, Stefan"]
[Result "1-0"]
[WhiteElo "2364"]
[BlackElo "2527"]
[PlyCount "55"]
[EventDate "2009.02.28"]
[EventType "swiss"]
[EventRounds "9"]
[EventCountry "FRA"]
[Source "lmi"]
[SourceDate "2009.02.28"]

1. d4 Nf6 2. Nf3 e6 3. e3 b6 4. Bd3 Bb7 5. O-O Be7 6. c4 d6 7. Nc3 Nbd7 8. b3
O-O 9. Bb2 c5 10. d5 exd5 11. cxd5 Ng4 12. Nd2 Nge5 13. Be2 f5 14. f4 Nf7 15.
g4 Nf6 16. g5 Nxd5 17. Nxd5 Bxd5 18. Qc2 Bxg5 19. Qxf5 Bc6 20. fxg5 Qe7 21. Qh3
Nxg5 22. Qg3 Rfe8 23. Rae1 Rad8 24. h4 Ne4 25. Nxe4 Bxe4 26. Bf6 Qd7 27. Bxd8
Qxd8 28. Bf3 1-0

[Event "25. Open Cappelle la Grande 2009"]
[Site "Cappelle la Grande FRA"]
[Date "2009.02.28"]
[Round "1.25"]
[White "Rombaldoni, Denis"]
[Black "Frolyanov, Dmitry"]
[Result "1-0"]
[WhiteElo "2418"]
[BlackElo "2564"]
[PlyCount "73"]
[EventDate "2009.02.28"]
[EventType "swiss"]
[EventRounds "9"]
[EventCountry "FRA"]
[Source "lmi"]
[SourceDate "2009.02.28"]

1. e4 c5 2. Nf3 d6 3. d4 cxd4 4. Nxd4 Nf6 5. Nc3 a6 6. h3 e5 7. Nde2 Be6 8. g4
Nbd7 9. Ng3 h5 10. gxh5 Nb6 11. Bg2 d5 12. exd5 Nbxd5 13. Nxd5 Bxd5 14. O-O
Bxg2 15. Kxg2 Qc7 16. Bg5 Qc6+ 17. Kh2 Ne4 18. Nxe4 Qxe4 19. Re1 Qf5 20. Qg4
Qxf2+ 21. Kh1 Bd6 22. Bf4 Qc5 23. Rad1 Qc6+ 24. Qg2 Qxg2+ 25. Kxg2 O-O-O 26.
Bxe5 Bf8 27. Rd4 Rxd4 28. Bxd4 Kd7 29. Re5 Be7 30. Rf5 Ke6 31. Bxg7 Rg8 32.
Re5+ Kd6 33. h6 Bf6 34. Re8 Rxe8 35. Bxf6 Ke6 36. Bg7 Rg8 37. Kf3 1-0

[Event "25. Open Cappelle la Grande 2009"]
[Site "Cappelle la Grande FRA"]
[Date "2009.02.28"]
[Round "1.22"]
[White "Savchenko, Stanislav"]
[Black "Pruess, David"]
[Result "1-0"]
[WhiteElo "2572"]
[BlackElo "2422"]
[PlyCount "81"]
[EventDate "2009.02.28"]
[EventType "swiss"]
[EventRounds "9"]
[EventCountry "FRA"]
[Source "lmi"]
[SourceDate "2009.02.28"]

1. d4 Nf6 2. Nf3 c5 3. d5 e6 4. c4 exd5 5. cxd5 d6 6. e4 g6 7. h3 Bg7 8. Bd3
O-O 9. O-O b5 10. Re1 c4 11. Bc2 Nbd7 12. Be3 Re8 13. Nc3 a6 14. a3 Bb7 15. Qd2
Rc8 16. Bd4 Nc5 17. Nh2 a5 18. f3 b4 19. axb4 axb4 20. Ne2 Qb6 21. Ng4 Nxg4 22.
hxg4 Bxd4+ 23. Qxd4 Ra8 24. Kh2 b3 25. Rxa8 Bxa8 26. Bb1 Na4 27. Qxc4 Nxb2 28.
Qd4 Qa5 29. Qc3 Qxc3 30. Nxc3 Bb7 31. Nb5 Bxd5 32. Nc7 Bc6 33. Rc1 Re5 34. Rxc6
Rc5 35. Nd5 Na4 36. Ra6 Nc3 37. Nxc3 Rxc3 38. Rb6 Kg7 39. Kg3 Kf6 40. Rxd6+ Ke5
41. Rd5+ 1-0

[Event "25. Open Cappelle la Grande 2009"]
[Site "Cappelle la Grande FRA"]
[Date "2009.02.28"]
[Round "1.52"]
[White "Zinchenko, Yaroslav"]
[Black "Bronowicki, Mateusz"]
[Result "1-0"]
[WhiteElo "2527"]
[BlackElo "2366"]
[PlyCount "33"]
[EventDate "2009.02.28"]
[EventType "swiss"]
[EventRounds "9"]
[EventCountry "FRA"]
[Source "lmi"]
[SourceDate "2009.02.28"]

1. e4 e6 2. d4 d5 3. Nd2 c5 4. Ngf3 cxd4 5. exd5 Qxd5 6. Bc4 Qd6 7. O-O Nc6 8.
Ne4 Qb4 9. b3 Bd7 10. Nxd4 Ne5 11. Nb5 Bxb5 12. Bd2 Qe7 13. Bxb5+ Nc6 14. Qf3
Rc8 15. Rad1 a6 16. Bf4 Qb4 17. Bd6 1-0

[Event "25. Open Cappelle la Grande 2009"]
[Site "Cappelle la Grande FRA"]
[Date "2009.02.28"]
[Round "1.39"]
[White "Burg, Twan"]
[Black "Sumets, Andrey"]
[Result "1/2-1/2"]
[WhiteElo "2389"]
[BlackElo "2546"]
[PlyCount "38"]
[EventDate "2009.02.28"]
[EventType "swiss"]
[EventRounds "9"]
[EventCountry "FRA"]
[Source "lmi"]
[SourceDate "2009.02.28"]

1. e4 e6 2. d4 d5 3. Nd2 c5 4. exd5 exd5 5. Bb5+ Bd7 6. Bxd7+ Nxd7 7. Ngf3 Ngf6
8. O-O Be7 9. dxc5 Nxc5 10. Re1 O-O 11. Nf1 Nce4 12. Be3 Rc8 13. Bd4 Bc5 14.
Ne3 Re8 15. c3 a6 16. Qd3 Bxd4 17. Qxd4 Qa5 18. a3 Qb5 19. Qb4 Qxb4 1/2-1/2

[Event "25. Open Cappelle la Grande 2009"]
[Site "Cappelle la Grande FRA"]
[Date "2009.02.28"]
[Round "1.41"]
[White "Grekh, Andrey"]
[Black "Vovk, Yuri"]
[Result "0-1"]
[WhiteElo "2380"]
[BlackElo "2546"]
[PlyCount "50"]
[EventDate "2009.02.28"]
[EventType "swiss"]
[EventRounds "9"]
[EventCountry "FRA"]
[Source "lmi"]
[SourceDate "2009.02.28"]

1. e4 e5 2. Nf3 Nc6 3. Bb5 Nf6 4. O-O Nxe4 5. d4 a6 6. Bxc6 dxc6 7. Qe2 Bf5 8.
dxe5 Bc5 9. Be3 O-O 10. c3 Re8 11. b4 Bxe3 12. Qxe3 Qd5 13. Na3 Rad8 14. Rfe1
h6 15. h4 c5 16. b5 a5 17. Nh2 b6 18. Nf1 Qd3 19. Rac1 Nd2 20. Red1 Nxf1 21.
Rxd3 Nxe3 22. Rxe3 Rd2 23. Ra1 Be6 24. c4 Red8 25. g3 Rb2 0-1

[Event "25. Open Cappelle la Grande 2009"]
[Site "Cappelle la Grande FRA"]
[Date "2009.02.28"]
[Round "1.61"]
[White "Laurent, Bruno"]
[Black "Danielian, Oganes"]
[Result "0-1"]
[WhiteElo "2351"]
[BlackElo "2519"]
[PlyCount "44"]
[EventDate "2009.02.28"]
[EventType "swiss"]
[EventRounds "9"]
[EventCountry "FRA"]
[Source "lmi"]
[SourceDate "2009.02.28"]

1. e4 e6 2. d4 d5 3. Nc3 Bb4 4. exd5 exd5 5. Bd3 Ne7 6. Qh5 c5 7. dxc5 d4 8. a3
Qa5 9. axb4 Qxa1 10. Nce2 Nbc6 11. Nf3 Nxb4 12. Bc4 Nxc2+ 13. Kd2 O-O 14. Ng3
Nb4 15. Ng5 Qb1 16. Qd1 Qg6 17. h4 Ned5 18. Qb3 Be6 19. Kd1 a5 20. h5 Qb1 21.
Ke2 a4 22. Bd3 Qxc1 0-1

[Event "25. Open Cappelle la Grande 2009"]
[Site "Cappelle la Grande FRA"]
[Date "2009.02.28"]
[Round "1.37"]
[White "Petitcunot, Pierre"]
[Black "Dvoirys, Semen I"]
[Result "0-1"]
[WhiteElo "2397"]
[BlackElo "2547"]
[PlyCount "60"]
[EventDate "2009.02.28"]
[EventType "swiss"]
[EventRounds "9"]
[EventCountry "FRA"]
[Source "lmi"]
[SourceDate "2009.02.28"]

1. e4 c5 2. Nf3 d6 3. d4 cxd4 4. Nxd4 Nf6 5. Nc3 a6 6. Bc4 e6 7. Bb3 Nbd7 8.
O-O Nc5 9. Re1 Be7 10. Qf3 Bd7 11. Bg5 Qc7 12. Re3 Nxb3 13. Nxb3 h6 14. Bh4 g5
15. e5 Bc6 16. exd6 Qxd6 17. Bg3 Bxf3 18. Bxd6 Bxd6 19. Rxf3 Ng4 20. Rh3 Be5
21. Nd1 Ke7 22. c3 Rad8 23. Ne3 Nf6 24. Re1 g4 25. Nf5+ Kf8 26. Rxh6 Rxh6 27.
Nxh6 Bf4 28. Nxf7 Kxf7 29. Nc5 b6 30. Nxa6 Rd2 0-1

[Event "25. Open Cappelle la Grande 2009"]
[Site "Cappelle la Grande FRA"]
[Date "2009.03.01"]
[Round "2.72"]
[White "Abergel, Thal"]
[Black "Scetinin, Alexander"]
[Result "1-0"]
[WhiteElo "2509"]
[BlackElo "2228"]
[PlyCount "41"]
[EventDate "2009.02.28"]
[EventType "swiss"]
[EventRounds "9"]
[EventCountry "FRA"]
[Source "lmi"]
[SourceDate "2009.02.28"]

1. d4 Nf6 2. Nf3 g6 3. Nc3 d5 4. Bf4 Bg7 5. Qd2 h6 6. O-O-O c6 7. Ne5 Qa5 8.
Kb1 g5 9. Bg3 Nh5 10. e4 Nxg3 11. hxg3 dxe4 12. Bc4 Rf8 13. Qe2 Bf5 14. g4 Bh7
15. Nxe4 Bxe4 16. Qxe4 Bxe5 17. dxe5 Nd7 18. e6 Ne5 19. exf7+ Nxf7 20. Bxf7+
Rxf7 21. Rxh6 1-0

[Event "25. Open Cappelle la Grande 2009"]
[Site "Cappelle la Grande FRA"]
[Date "2009.03.01"]
[Round "2.65"]
[White "Corrales Jimenez, Fidel"]
[Black "Piot, Olivier"]
[Result "1-0"]
[WhiteElo "2586"]
[BlackElo "2252"]
[PlyCount "67"]
[EventDate "2009.02.28"]
[EventType "swiss"]
[EventRounds "9"]
[EventCountry "FRA"]
[Source "lmi"]
[SourceDate "2009.02.28"]

1. e4 c5 2. Nf3 d6 3. d4 cxd4 4. Nxd4 Nf6 5. f3 e5 6. Nb3 d5 7. exd5 Qxd5 8.
Bd3 Bb4+ 9. Nc3 O-O 10. Bd2 Qd8 11. Qe2 Nc6 12. O-O-O Qc7 13. Kb1 Bxc3 14. Bxc3
Nd5 15. Bxh7+ Kxh7 16. Rxd5 f6 17. Rhd1 Be6 18. R5d2 Qf7 19. g4 Kg8 20. h4 Rae8
21. h5 f5 22. h6 g6 23. g5 Kh7 24. f4 exf4 25. Qf2 Bc8 26. Nc5 Re7 27. Nd3 Qc4
28. Nxf4 Re4 29. Nd5 Be6 30. b3 Qb5 31. Nf6+ Rxf6 32. Bxf6 Ne5 33. Bxe5 Rxe5
34. Qxa7 1-0

[Event "25. Open Cappelle la Grande 2009"]
[Site "Cappelle la Grande FRA"]
[Date "2009.03.01"]
[Round "2.67"]
[White "Gasanov, Eldar"]
[Black "Boric, Elena"]
[Result "1-0"]
[WhiteElo "2553"]
[BlackElo "2250"]
[PlyCount "65"]
[EventDate "2009.02.28"]
[EventType "swiss"]
[EventRounds "9"]
[EventCountry "FRA"]
[Source "lmi"]
[SourceDate "2009.02.28"]

1. d4 f5 2. c4 Nf6 3. g3 d6 4. Nf3 g6 5. b4 Bg7 6. Bb2 O-O 7. Bg2 a5 8. b5 Qe8
9. O-O Nbd7 10. Nc3 e5 11. dxe5 Nxe5 12. Qb3 Kh8 13. Rac1 Nfd7 14. Nd5 Nc5 15.
Qa3 Ne6 16. Nd4 Qf7 17. e3 Nc5 18. Rfd1 Be6 19. Nxe6 Nxe6 20. b6 c6 21. Nf4
Rfd8 22. Rxd6 Rxd6 23. Qxd6 Nxf4 24. exf4 Nf3+ 25. Bxf3 Bxb2 26. Re1 Bf6 27.
Bxc6 Rd8 28. Qe6 Qxe6 29. Rxe6 Bd4 30. Bxb7 Rb8 31. Bd5 Bc5 32. Rc6 Bd4 33. c5
1-0

[Event "25. Open Cappelle la Grande 2009"]
[Site "Cappelle la Grande FRA"]
[Date "2009.03.01"]
[Round "2.90"]
[White "Shirazi, Kamran"]
[Black "Aveline, Philippe"]
[Result "1-0"]
[WhiteElo "2410"]
[BlackElo "2160"]
[PlyCount "65"]
[EventDate "2009.02.28"]
[EventType "swiss"]
[EventRounds "9"]
[EventCountry "FRA"]
[Source "lmi"]
[SourceDate "2009.02.28"]

1. e4 d5 2. exd5 Nf6 3. Nf3 Nxd5 4. d4 g6 5. g3 Bg7 6. Bg2 O-O 7. O-O Bg4 8. h3
Bxf3 9. Bxf3 c6 10. h4 Nd7 11. h5 e5 12. hxg6 fxg6 13. c4 N5b6 14. d5 cxd5 15.
cxd5 Qf6 16. Bg2 Nc4 17. Qg4 Ndb6 18. Nc3 Qf5 19. Qh4 Bf6 20. Qh1 Nd6 21. b3 e4
22. Nxe4 Bxa1 23. Nxd6 Qe5 24. Ne4 Bd4 25. Qh4 Nxd5 26. Ng5 Nf6 27. Nf3 Bxf2+
28. Rxf2 Qc5 29. Bb2 Nd5 30. Bd4 Qe7 31. Ne5 Qd6 32. Bxd5+ Qxd5 33. Nxg6 1-0